000 00717nam a22001697a 4500
003 AUA.1
005 20251118163155.0
008 250711b |||||||| |||| 00| 0 eng d
040 _cJTL
100 _aMorara, Nyambati George
245 _aPerceptions in polygamy in the Seventh-day Adventist Church at Kisii Central district :
_bA suggested biblical, theological and practical approaches for dealing with polygamy issues /
_cNyambati George Morara.
260 _cc2025.
300 _ax, 91 leaves :
_bIllustrations :
_c30cm.
610 _aSeventh-day Adventist Church
_zKisii Central, Kenya
650 _aPolygamy
_vReligious aspects
_xSeventh-Day Adventists
942 _2aua
_cPROJECT
_hMA PTh
_i.M67 2025
999 _c25205
_d25205